[Event "Universiade Men"]
[Site "Kazan RUS"]
[Date "2013.07.09"]
[Round "1.11"]
[White "Markov,M KGZ"]
[Black "Kravtsiv,M"]
[Result "1/2-1/2"]
[WhiteElo "2305"]
[BlackElo "2620"]

1.c4 e6 2.Nf3 Nf6 3.g3 d5 4.d4 Be7 5.Bg2 O-O 6.O-O dxc4 7.Ne5 Nc6 8.Bxc6 bxc6
9.Nxc6 Qe8 10.Nxe7+ Qxe7 11.Qa4 e5 12.dxe5 Qxe5 13.Qxc4 Be6 14.Qc2 Bf5 15.Qc4 Be6
16.Qc2 Rfe8 17.f3 Rad8 18.e4 Bh3 19.Re1 Nd5 20.a3 f5 21.Nc3 fxe4 22.Nxe4 Rb8
23.Rb1 h6 24.Be3 a5 25.Qf2 Nxe3 26.Rxe3 Kh8 27.Rc3 Rf8 28.Qc5 Qe6 29.Nf2 Bf5
30.Rbc1 Rfe8 31.b4 axb4 32.axb4 Rbd8 33.Qc4 Rd2 34.Qxe6 Rxe6 35.f4 Ree2 36.Rf3 Rb2
37.Kf1 Red2 38.g4 Be6 39.f5 Bd5 40.Rf4 Kg8 41.h4 c6 42.Re1 Rdc2 43.g5 hxg5
44.hxg5 Rc4 45.Rxc4 Bxc4+ 46.Kg2 Rxb4 47.Kg3 Bd5 48.g6 Kf8 49.Re3 Rb3 50.Rxb3 Bxb3
51.Kf4 Bc2 52.Ng4 c5 53.Ne3 Bd3 54.Ke5 c4 55.Nd5 Bb1 56.Ke6 Be4 57.Nc3 Bd3
58.Nb5 Bb1 59.Nc3 Bd3  1/2-1/2

[Event "Universiade Men"]
[Site "Kazan RUS"]
[Date "2013.07.10"]
[Round "3.13"]
[White "Anton,T"]
[Black "Kravtsiv,M"]
[Result "0-1"]
[WhiteElo "2438"]
[BlackElo "2620"]

1.Nf3 Nf6 2.c4 e6 3.g3 d5 4.Bg2 Be7 5.d4 O-O 6.O-O dxc4 7.Qc2 a6 8.Qxc4 b5
9.Qc2 Bb7 10.Bf4 Nc6 11.Rd1 Nb4 12.Qc1 Nbd5 13.Ne5 Rc8 14.Nc6 Qd7 15.Nxe7+ Qxe7
16.Bg5 c5 17.Bxf6 Qxf6 18.dxc5 Qe7 19.Bxd5 exd5 20.b4 d4 21.Rxd4 Qxe2 22.Qe3 Qb2
23.Qc3 Rfe8 24.Rd1 Rcd8 25.Rxd8 Rxd8 26.c6 Rd1+  0-1

[Event "V4 Int Open ch-SVK 2013"]
[Site "Banska Stiavnica SVK"]
[Date "2013.07.11"]
[Round "6.2"]
[White "Michalik,P"]
[Black "Kochetkova,J"]
[Result "1-0"]
[WhiteElo "2579"]
[BlackElo "2328"]

1.d4 d5 2.c4 e6 3.Nf3 Nf6 4.g3 Be7 5.Bg2 O-O 6.O-O dxc4 7.Ne5 Nc6 8.Bxc6 bxc6
9.Nxc6 Qe8 10.Nxe7+ Qxe7 11.Qa4 e5 12.dxe5 Qxe5 13.Qxc4 Be6 14.Qd3 Bf5 15.Qe3 Qd6
16.Nc3 Nd5 17.Qd4 Nxc3 18.Qxc3 Rfe8 19.Re1 h5 20.Bf4 Qa6 21.Qc5 Bg6 22.Be3 h4
23.gxh4 Qf6 24.Qd4 Qxd4 25.Bxd4 Re4 26.Rad1 Rxh4 27.f3 Re8 28.Bxa7 Ra4 29.Bc5 Re5
30.Ba3 Rh4 31.Rd2 Rg5+ 32.Kh1 Rgh5 33.e3 Rf5 34.Rf2 Bh5 35.Ref1 Re5 36.e4 f5
37.exf5 Rxf5 38.Be7 Rhf4 39.Kg2 Re5 40.Bd8 Rc5 41.Rd1 Bf7 42.Rdd2 c6 43.a3 Bd5
44.Bb6 Rb5 45.Kg3 Rf6 46.Bd4 Rg6+ 47.Kf4 Rb8 48.Ke3 Rf8 49.Be5 Re6 50.f4 Kf7
51.Kd4 Rh6 52.Rd3 Ra8 53.Rg3 g6 54.b4 Ke6 55.Kc5 Be4 56.Re2  1-0

[Event "V4 Int Open ch-SVK 2013"]
[Site "Banska Stiavnica SVK"]
[Date "2013.07.11"]
[Round "6.8"]
[White "Nagy,Ga1"]
[Black "Peterson,Er"]
[Result "1/2-1/2"]
[WhiteElo "2449"]
[BlackElo "2239"]

1.c4 e6 2.Nf3 d5 3.g3 Nf6 4.Bg2 Be7 5.d4 O-O 6.Qc2 c5 7.dxc5 Qa5+ 8.Nc3 Qxc5
9.cxd5 Nxd5 10.Ng5 Bxg5 11.Bxg5 Nxc3 12.Be3 Qc7 13.bxc3 Bd7 14.O-O Bc6 15.f3 Nd7
16.Rfd1 Rac8 17.Bf4 Qa5 18.Qb2 Ba4 19.Rdc1 Qc5+ 20.Kh1 b5 21.Qb4 Rfd8 22.Bd6 Qc4
23.e4 Qe2 24.Be7 Re8 25.Bd6 Red8 26.Be7 Re8 27.Bd6  1/2-1/2

[Event "36th Barbera Open"]
[Site "Barbera del Valles ESP"]
[Date "2013.07.12"]
[Round "9.1"]
[White "Gagare,Shar"]
[Black "Cruz,Cr"]
[Result "1/2-1/2"]
[WhiteElo "2419"]
[BlackElo "2499"]

1.c4 e6 2.g3 d5 3.d4 Nf6 4.Bg2 Be7 5.Nf3 O-O 6.O-O dxc4 7.Qc2 a6 8.a4 Bd7
9.Qxc4 Bc6 10.Bf4 Bd6 11.Bg5 Be7 12.Bf4 Bd6 13.Bg5 Be7 14.Bf4 Bd6  1/2-1/2

[Event "EY Boys Teams 2013"]
[Site "Maribor SLO"]
[Date "2013.07.12"]
[Round "7"]
[White "Kessler,L"]
[Black "Markoja,B"]
[Result "1/2-1/2"]
[WhiteElo "2280"]
[BlackElo "2163"]

1.d4 Nf6 2.c4 e6 3.g3 d5 4.Nf3 Be7 5.Bg2 dxc4 6.O-O O-O 7.Qc2 a6 8.Qxc4 b5
9.Qc2 Bb7 10.Bd2 Be4 11.Qc1 Qc8 12.Bg5 c5 13.Nbd2 Bb7 14.dxc5 Qxc5 15.Nb3 Qc8
16.Na5 Bd5 17.Qf4 Qd8 18.Nb3 Nbd7 19.Qd4 Rc8 20.Rac1 Qb6 21.Be3 Qb7 22.Qa7 Qxa7
23.Bxa7 Ra8 24.Bd4 Rfc8 25.Rfd1 Bb4 26.Ne1 Bxg2 27.Kxg2 Be7 28.Nd3 Rc4 29.f3 Rac8
30.e4 Bd8 31.Be3 Kf8 32.Kf2 Ke8 33.Ke2 Be7 34.Na5 Rc2+ 35.Rxc2 Rxc2+ 36.Rd2 Rc8
37.a3 Nb8 38.Nb4 Nfd7 39.Nb3 Ne5 40.Bd4 Nc4 41.Rc2 Bxb4 42.axb4 Nc6 43.Bc3  1/2-1/2

[Event "2nd Ideon Andron Open 2013"]
[Site "Anogia GRE"]
[Date "2013.07.14"]
[Round "6.11"]
[White "Drakaki,A"]
[Black "Hristodoulaki,A"]
[Result "1-0"]
[WhiteElo "1910"]
[BlackElo "1970"]

1.d4 d5 2.c4 e6 3.Nf3 Be7 4.g3 Nf6 5.Bg2 O-O 6.O-O c6 7.Nbd2 Nbd7 8.Qc2 Re8
9.e4 dxe4 10.Nxe4 Bf8 11.Rd1 Qb6 12.Nxf6+ Nxf6 13.Bg5 Be7 14.c5 Qd8 15.Ne5 Nd5
16.Bxe7 Nxe7 17.Nc4 Qc7 18.Nd6 Rf8 19.Be4 h6 20.a4 Bd7 21.Ra3 Nd5 22.a5 Rab8
23.Qc4 Bc8 24.Bc2 Qe7 25.Qd3 g6 26.Qd2 Kg7 27.Re1 Qg5 28.Qe2 Nb4 29.h4 Qf6
30.Bb1 Qxd4 31.Rc1 Na6 32.Rc4 Qf6 33.Rf3 Qd8 34.h5 Bd7 35.hxg6 f5 36.Rh4 Qf6
37.Rd3 Rfd8 38.Nf7 Nxc5 39.Qe3 f4 40.Qxc5 Qxg6 41.Nxd8  1-0

[Event "FSFMB July 2013"]
[Site "Budapest HUN"]
[Date "2013.07.14"]
[Round "9.4"]
[White "Bacsi,A"]
[Black "Bakos,Viktor"]
[Result "1/2-1/2"]
[WhiteElo "1860"]
[BlackElo "1550"]

1.d4 d5 2.c4 e6 3.Nf3 Nf6 4.g3 Be7 5.Bg2 O-O 6.O-O c6 7.Qc2 Nbd7 8.Nbd2 Re8
9.b3 b6 10.Bb2 Bb7 11.Rad1 Rc8 12.e4 dxe4 13.Nxe4 Nxe4 14.Qxe4 Nf6 15.Qc2 Qc7
16.Ne5 c5 17.d5 exd5 18.cxd5 Bd6 19.Nc6 Bxc6 20.dxc6 Be5 21.Bxe5 Rxe5 22.Qd2 Ree8
23.Rfe1 Red8 24.Qe2 Re8 25.Qf3 Rxe1+ 26.Rxe1 Kf8 27.h4 Re8 28.Rd1 Rd8 29.Rxd8+ Qxd8
30.Qe2 Qc7 31.Bf3 Qe7 32.Qd3 Ke8 33.Qa6 Qc7 34.Qb7 Kd8 35.Qa8+ Ke7 36.Kg2 Ne8
37.g4 h6 38.h5 Nd6 39.Qg8 Kf6 40.Qf8 Qe7 41.Qb8 Ne8 42.Bd5 g6 43.Qf4+ Kg7
44.hxg6 fxg6 45.a4 Nc7 46.Bf3 Ne8 47.Qe3 Qxe3 48.fxe3 a5 49.Be4 Kf6 50.Kf3 g5
51.Ke2 Ke5 52.Kd3 Nc7 53.Bf3 Ne8 54.Kc4 Nd6+ 55.Kd3 Ne8 56.Kc3 Nc7 57.Kc4 Kd6
58.Be4 Ke5 59.Bf5 Kd6 60.Bd7 Ke5 61.Bf5  1/2-1/2

[Event "Minsk Open 2013"]
[Site "Minsk BLR"]
[Date "2013.07.14"]
[Round "2.12"]
[White "Maslov,Ivan"]
[Black "Podolchenko,E"]
[Result "0-1"]
[WhiteElo "2078"]
[BlackElo "2447"]

1.d4 Nf6 2.c4 e6 3.g3 d5 4.Bg2 Be7 5.Nf3 O-O 6.O-O c6 7.Qc2 Nbd7 8.Rd1 b6
9.b3 Ba6 10.Ne5 Nxe5 11.dxe5 Ng4 12.Bb2 Bc5 13.Bd4 Bxd4 14.Rxd4 Nxe5 15.Nc3 Qf6
16.cxd5 cxd5 17.Rad1 Rfc8 18.Qb2 g5 19.h4  0-1

[Event "10th South Wales Int 2013"]
[Site "Penarth WLS"]
[Date "2013.07.14"]
[Round "3.1"]
[White "Hanley,C"]
[Black "Petkov,V"]
[Result "0-1"]
[WhiteElo "2433"]
[BlackElo "2544"]

1.d4 Nf6 2.c4 e6 3.g3 d5 4.Nf3 Be7 5.Bg2 O-O 6.O-O dxc4 7.Qa4 a6 8.Qxc4 b5
9.Qc2 Bb7 10.Bf4 Nc6 11.Rc1 Nxd4 12.Nxd4 Bxg2 13.Nxe6 fxe6 14.Kxg2 c5 15.Nc3 Qb6
16.a4 c4 17.axb5 axb5 18.Rxa8 Rxa8 19.Nd1 Qd4 20.Be3 Qe4+ 21.Qxe4 Nxe4 22.f3 Nf6
23.f4 Nd5 24.Bd2 Ra2 25.Kf3 Kf7 26.Be1 Bf6 27.Rb1 Ke8 28.e4 Nc7 29.g4 Kd7
30.h4 Kc6 31.h5 Ra8 32.g5 Be7 33.Bc3 Bf8 34.Ne3 Rd8 35.f5 Rd3 36.Rd1 Rxd1
37.Nxd1 exf5 38.exf5 Nd5 39.Be5 Be7 40.Kg4 h6 41.gxh6 gxh6 42.Kf3 Nf6 43.Ne3 Nxh5
44.Ng4 Kd5 45.Bc3 Bg5 46.Bb4 Nf6 47.Bc3 Ne4 48.Bg7 h5 49.Ne3+ Bxe3 50.Kxe3 Nd6
51.Kf4 h4 52.f6 b4 53.Kg4 Ke6 54.Bh6 b3 55.Bf4 Ne4 56.Kxh4 c3 57.Bc1 c2 58.Kh5 Kxf6
59.Kg4 Nf2+  0-1

[Event "Universiade Men"]
[Site "Kazan RUS"]
[Date "2013.07.15"]
[Round "9.12"]
[White "Ibarra Chami,L"]
[Black "Kravtsiv,M"]
[Result "1/2-1/2"]
[WhiteElo "2482"]
[BlackElo "2620"]

1.c4 e6 2.Nf3 Nf6 3.g3 d5 4.d4 Be7 5.Bg2 O-O 6.O-O dxc4 7.Ne5 Nc6 8.Bxc6 bxc6
9.Nxc6 Qe8 10.Nxe7+ Qxe7 11.Qc2 c5 12.Qxc4 cxd4 13.Qxd4 e5 14.Qh4 Rb8 15.b3 Qe6
16.Na3 Ba6 17.Re1 Rfc8 18.Be3 Nd5 19.Bxa7 Rb7 20.e4 Nc3 21.Be3 Rd7 22.f3 h6
23.Qg4 Qxg4 24.fxg4 g5 25.Kg2 Rd3 26.Kf3 Rc6 27.Nc2 Rf6+ 28.Kg2 Bb7 29.Nb4 Rxe3
30.Rxe3 Nxe4 31.Rae1 Nf2+ 32.Kf1 Nd3+ 33.Kg1 Nxb4 34.Rxe5 Nxa2 35.h4 gxh4
36.g5 Rf3 37.gxh4 Rf4 38.gxh6 Rxh4 39.Rg5+ Kh7 40.Rg7+ Kxh6 41.Rxf7 Bd5 42.Ra7 Nb4
43.Re8 Kg5 44.Kf2 Rh3 45.Rf8 Nd3+ 46.Ke2 Nf4+ 47.Kd2 Rd3+ 48.Kc1 Rc3+ 49.Kd2 Rd3+
50.Kc1 Bxb3 51.Ra3 Rd1+ 52.Kb2 Ng6 53.Ra5+ Kh6 54.Rf6 Bg8 55.Rf2 Rd7 56.Rh2+ Kg7
57.Rf5 Rc7 58.Rg2 Bf7 59.Rg1 Ra7 60.Rg3 Ra2+ 61.Kb1 Rh2 62.Rg1 Bc4 63.Rf3 Bd5
64.Rfg3 Be4+ 65.Ka1 Kf6 66.Re1 Bf5 67.Rb3 Rg2  1/2-1/2

[Event "22nd Open ch-MKD"]
[Site "Struga MKD"]
[Date "2013.07.15"]
[Round "3.2"]
[White "Bogdanovski,V"]
[Black "Petrov,G MKD"]
[Result "1-0"]
[WhiteElo "2435"]
[BlackElo "2227"]

1.d4 d5 2.c4 e6 3.Nf3 Nf6 4.g3 Be7 5.Bg2 O-O 6.O-O Nbd7 7.Qc2 c5 8.cxd5 Nxd5
9.Nc3 Nb4 10.Qb1 cxd4 11.Nxd4 Nf6 12.Rd1 Qb6 13.Be3 Qa5 14.a3 Nbd5 15.Nf5 exf5
16.Nxd5 Nxd5 17.Bxd5 Qb5 18.Qd3 Qxd3 19.Rxd3 Rd8 20.Rc1 Rd7 21.Rxc8+ Rxc8
22.Bxf7+  1-0

[Event "Thracian Princess ch-BUL Open w 2013"]
[Site "Vratsa BUL"]
[Date "2013.07.15"]
[Round "1.1"]
[White "Cosma,E"]
[Black "Boneva,Z"]
[Result "1-0"]
[WhiteElo "2329"]
[BlackElo "1947"]

1.d4 d5 2.Nf3 Nf6 3.c4 e6 4.g3 Be7 5.Bg2 O-O 6.O-O b6 7.Ne5 Bb7 8.Nc3 Nbd7
9.Qa4 c5 10.Nxd7 Qxd7 11.Qxd7 Nxd7 12.dxc5 Bxc5 13.cxd5 exd5 14.Nxd5 Bxd5
15.Bxd5 Rad8 16.Bg5 Nf6 17.Bf3 h6 18.Bf4 Bd4 19.Rab1 g5 20.Bc1 Rfe8 21.e3 Bc5
22.b3 g4 23.Be2 Ne4 24.Bxg4 Nd2 25.Bxd2 Rxd2 26.a4 a5 27.Rfd1 Red8 28.Kf1 Kg7
29.Be2 Kg6 30.Rxd2 Rxd2 31.Rc1 Kf5 32.Rc4 f6 33.Rf4+ Ke5 34.Rh4 Bf8 35.Rh5+ Ke4
36.Bb5 Rb2 37.Bc4 Rd2 38.Kg2 Rd6 39.Rh4+ Ke5 40.Kf3 Rd2 41.Rh5+ Kd6 42.Rf5 Ke7
43.Kg4 Rd6 44.Kh5 Rd2 45.Kg6 Rd6 46.h4 Rc6 47.Bd5 Rd6 48.e4  1-0

[Event "XV Sant Marti Open A"]
[Site "Barcelona ESP"]
[Date "2013.07.16"]
[Round "4.28"]
[White "Laxman,R"]
[Black "Cherednichenko,E"]
[Result "1-0"]
[WhiteElo "2401"]
[BlackElo "2167"]

1.d4 d5 2.Nf3 Nf6 3.c4 e6 4.g3 Be7 5.Bg2 O-O 6.O-O c6 7.Qc2 b6 8.Nbd2 Bb7
9.e4 dxe4 10.Nxe4 Nbd7 11.Rd1 Qc8 12.Nxf6+ Nxf6 13.c5 Rd8 14.Bd2 h6 15.Rac1 Nd5
16.a3 bxc5 17.Ba5 Nb6 18.dxc5 Rxd1+ 19.Rxd1 Nd7 20.b4 Nf6 21.Ne5 Nd5 22.Be4 Ba6
23.Bh7+ Kf8 24.Bd3 Bxd3 25.Rxd3 Bf6 26.Nc4 Qa6 27.Nd6 Kg8 28.Rf3 Rf8 29.h4 Be7
30.Nc4 Bf6 31.Kg2 Qb5 32.Nd6 Qa6 33.Qe4 Nc3 34.Qc2 Nd5 35.Qe4 Nc3 36.Qe1 Qe2
37.Qxe2 Nxe2 38.Rd3 Nc1 39.Re3 Bd4 40.Rf3 f5 41.b5 Bxc5 42.Nb7 Bb6 43.Bxb6 axb6
44.Rc3 Ne2 45.Rxc6 Nd4 46.Rxb6 Ra8 47.Ra6 Rb8 48.Nd6 Nxb5 49.Nxb5 Rxb5 50.Rxe6 Ra5
51.Re3 Kf7 52.f4 g6 53.Kf3 Kf6 54.Rb3 Ra6 55.Ke3 g5 56.h5 Re6+ 57.Kd3 Ra6
58.Kc2 gxf4 59.gxf4 Ke6 60.Re3+ Kd6 61.Kb3 Rb6+ 62.Ka2 Rb5 63.Re8 Kd7 64.Rf8 Ke7
65.Rc8 Rd5 66.Kb3 Rd3+ 67.Rc3 Rd4 68.Rc4 Rd3+ 69.Kb4 Rh3 70.a4 Rxh5 71.a5 Rh1
72.a6 Ra1 73.Kb5 Kd7 74.Rc5 Rb1+ 75.Ka5 Ra1+ 76.Kb6 Rb1+ 77.Ka7 Ke6 78.Rc6+ Kd5
79.Rxh6 Ke4 80.Rb6 Rf1 81.Rb4+ Kd5 82.Kb6 Rh1 83.a7 Rh8 84.Ka6 Rh6+ 85.Rb6 Rh8
86.Rb8 Rh6+ 87.Kb5  1-0

[Event "Czech Open G1 Rapid 2013"]
[Site "Pardubice CZE"]
[Date "2013.07.17"]
[Round "1.55"]
[White "Usmanov,V"]
[Black "Duda,A"]
[Result "1-0"]
[WhiteElo "2386"]
[BlackElo "2041"]

1.Nf3 Nf6 2.d4 d5 3.c4 e6 4.g3 Be7 5.Bg2 dxc4 6.Qa4+ Nbd7 7.O-O O-O 8.Qxc4 a6
9.Qc2 c5 10.Rd1 Nd5 11.a3 Ra7 12.e4 N5f6 13.dxc5 Bxc5 14.b4 Be7 15.Nc3 b5
16.e5 Ne8 17.Be3 Rc7 18.Bb6 Rxc3 19.Bxd8 Rxc2 20.Bxe7 Nb6 21.Rd8 Bb7 22.Rb8 Bxf3
23.Bxf3 Nd7 24.Ra8 Nc7 25.Ra7 Rc8 26.Bb7 Re8 27.Bd6 Nb6 28.Be4 Rc4 29.Bxc7 Nc8
30.Rxa6 Rxc7 31.Ra8 Rd8 32.Kg2 Kf8 33.Rb8 Rd4 34.Bb7 Ke7 35.Bxc8 Rd8 36.Rxb5 Rcxc8
37.Ra2 f6 38.exf6+ Kxf6 39.a4 Rd4 40.a5 Rcc4 41.a6 Rxb4 42.Rxb4  1-0

[Event "Czech Open G1 Rapid 2013"]
[Site "Pardubice CZE"]
[Date "2013.07.17"]
[Round "2.51"]
[White "Chernyshova,N"]
[Black "Bibik,J"]
[Result "0-1"]
[WhiteElo "2109"]
[BlackElo "2255"]

1.d4 d5 2.c4 e6 3.Nf3 Nf6 4.g3 Be7 5.Bg2 O-O 6.O-O Ne4 7.Nc3 f5 8.Ne5 c6
9.f3 Nxc3 10.bxc3 Nd7 11.cxd5 Nxe5 12.dxe5 cxd5 13.Be3 Qc7 14.Bd4 Bd7 15.a4 b5
16.a5 Rac8 17.Qd2 Bc5 18.Kh1 Bxd4 19.cxd4 Qc3 20.Qf4 Rc4 21.e3 b4 22.Qg5 b3
23.Qe7 b2 24.Rab1 Rc7 25.e4 Bc8 26.Qg5 Ba6 27.Rfd1 Bd3 28.exd5 Bxb1 29.d6 h6
30.Qg6 Bc2 31.Qxe6+ Rcf7 32.Rf1 Qxd4 33.f4 b1=Q 34.Rxb1 Bxb1 35.Bd5 Be4+  0-1

[Event "22nd Open ch-MKD"]
[Site "Struga MKD"]
[Date "2013.07.17"]
[Round "5.2"]
[White "Bogdanovski,V"]
[Black "Krstev,E"]
[Result "1-0"]
[WhiteElo "2435"]
[BlackElo "2130"]

1.d4 e6 2.Nf3 d5 3.g3 Nf6 4.Bg2 Be7 5.c4 O-O 6.O-O Nbd7 7.Qc2 c6 8.Nbd2 b6
9.e4 Bb7 10.e5 Ne8 11.cxd5 cxd5 12.Re1 Rc8 13.Qa4 Bc6 14.Qd1 Bb5 15.Nf1 Qc7
16.Ne3 Qb7 17.a4 Qa6 18.b3 Bd3 19.Ba3 Bxa3 20.Rxa3 Be4 21.b4 Qb7 22.b5 a5
23.Nh4 Bxg2 24.Nhxg2 Kh8 25.Qh5 Qc7 26.Nf4 Kg8 27.g4 g6 28.Qh6 Nxe5 29.Nexd5 exd5
30.dxe5 Qd7 31.Rh3 f6 32.Nxg6 Qxg4+ 33.Rg3 Qxg3+ 34.hxg3 hxg6 35.Qxg6+ Kh8
36.Qh5+ Kg8 37.Qg6+ Kh8 38.Kg2 Rc7 39.Rh1+  1-0

[Event "Thracian Princess ch-BUL Open w 2013"]
[Site "Vratsa BUL"]
[Date "2013.07.17"]
[Round "3.4"]
[White "Cosma,E"]
[Black "Yordanova,S"]
[Result "1-0"]
[WhiteElo "2329"]
[BlackElo "2083"]

1.Nf3 d5 2.d4 Nf6 3.g3 e6 4.Bg2 Be7 5.c4 O-O 6.Qc2 dxc4 7.Qxc4 a6 8.Bg5 Nbd7
9.Qc2 c5 10.dxc5 Qa5+ 11.Nbd2 Qxc5 12.Qxc5 Bxc5 13.Rc1 Ba7 14.O-O Nd5 15.e4 Nb4
16.Nc4 f6 17.Bd2 Nc6 18.Be3 Bxe3 19.Nxe3 Nb6 20.Rfd1 Bd7 21.Nc4 Nxc4 22.Rxd7 b5
23.Bh3 f5 24.exf5 exf5 25.b3 N4e5 26.Nxe5 Nxe5 27.Re7 Rae8 28.Rxe8 Rxe8 29.Bxf5 Nf3+
30.Kg2 Nd4 31.Bd3 Re7 32.Rc8+ Kf7 33.Ra8 Re6 34.Bxh7 Rd6 35.a4 Kf6 36.Bg8 Nc2
37.h4 Ke5 38.Ra7 g6 39.Bf7 Rf6 40.h5 gxh5 41.Bxh5 Ne1+ 42.Kf1 Nd3 43.Rf7 Rc6
44.axb5 axb5 45.Be2 Rc3 46.Rb7  1-0

[Event "Czech Open G1 Rapid 2013"]
[Site "Pardubice CZE"]
[Date "2013.07.18"]
[Round "5.61"]
[White "Praczukowski,Stanislaw"]
[Black "Novak,Mic"]
[Result "1/2-1/2"]
[WhiteElo "1848"]
[BlackElo "2146"]

1.d4 Nf6 2.c4 e6 3.g3 d5 4.Nf3 Be7 5.Bg2 O-O 6.O-O c5 7.cxd5 exd5 8.Nc3 c4
9.Ne5 Nc6 10.Nxc6 bxc6 11.e4 Be6 12.e5 Ne8 13.Be3 Qd7 14.b3 cxb3 15.axb3 a5
16.Na4 Qb7 17.f4 g6 18.Nc5 Bxc5 19.dxc5 Ng7 20.g4 Rfb8 21.f5 gxf5 22.gxf5 Nxf5
23.Bg5 Qxb3 24.Qh5 Qc3 25.Bf6 Kf8 26.Qxh7 Ke8 27.Rac1 Qe3+ 28.Kh1 Qh6 29.Qxh6 Nxh6
30.Bg5 Nf5 31.Bh3 Ng7 32.Bxe6 Nxe6 33.Bf6 a4 34.Rg1 Kd7 35.Rc2 a3 36.Ra2 Rb2
37.Rg2 Rxa2 38.Rxa2 Nxc5 39.Bg5 Ke6 40.Bc1 Ne4 41.Bxa3 Rc8 42.Bd6 Nxd6 43.exd6 Kxd6
44.Kg2 c5 45.Kf3 Re8 46.h4 Re5 47.Ra6+ Ke7 48.Kf4 Re1 49.Ra5 Rf1+ 50.Ke5 d4
51.Rxc5 d3 52.Rd5 f6+ 53.Ke4 Rh1 54.Rxd3 Rxh4+ 55.Kf5 Rh5+ 56.Ke4 Re5+ 57.Kf4 Kf7
58.Rd7+ Kg6 59.Rd6 Ra5 60.Rb6 Ra4+ 61.Kf3 Kg5 62.Rb5+ f5 63.Kg3 Ra3+ 64.Kg2 Kg4
65.Rb4+ f4 66.Rb8 Ra2+ 67.Kg1 Kg3 68.Rg8+ Kf3 69.Rb8 Ra1+ 70.Kh2 Kf2 71.Rb2+ Kf1
72.Kh3 Ra3+ 73.Kg4 f3 74.Kg3 f2+ 75.Kh2 Rd3 76.Rb1+ Ke2 77.Kg2 Rd2 78.Rf1 Ke3
79.Kg3 Rd8 80.Ra1 Rg8+ 81.Kh2 Ra8 82.Rb1 Rh8+ 83.Kg2 Rg8+ 84.Kh2 Ke2 85.Rb2+ Kf3
86.Rb3+ Ke4 87.Rb4+ Ke5 88.Rb5+ Kd4 89.Rb4+ Kc3 90.Rf4 Rh8+  1/2-1/2

[Event "Czech Open G1 Rapid 2013"]
[Site "Pardubice CZE"]
[Date "2013.07.18"]
[Round "7.7"]
[White "Vorobiov,E"]
[Black "Piorun,K"]
[Result "1/2-1/2"]
[WhiteElo "2585"]
[BlackElo "2566"]

1.d4 Nf6 2.c4 e6 3.Nf3 d5 4.g3 Be7 5.Bg2 O-O 6.O-O dxc4 7.Qa4 a6 8.Qxc4 b5
9.Qc2 Bb7 10.Bd2 Nbd7 11.Ba5 Bd6 12.Nbd2 Qb8 13.e4 e5 14.dxe5 Nxe5 15.Nxe5 Bxe5
16.Nb3 Nd7 17.f4 Bd6 18.e5 Bxg2 19.Kxg2 Qb7+ 20.Kh3 Rfe8 21.Qg2 Qxg2+ 22.Kxg2 Bf8
23.Bxc7 Rac8 24.Rac1 f6 25.Rfd1 Nc5 26.Nxc5 Rxc7 27.Nd7 Rxc1 28.Rxc1 fxe5
29.Nxe5 Bd6 30.Kf3 Bxe5 31.Re1 Rc8 32.Rxe5 Kf7 33.g4 Rc1 34.Re2 Rf1+ 35.Rf2 Rc1
36.h4 g6 37.a3 Rh1 38.Kg3 Rg1+ 39.Rg2 Rc1 40.Rd2 Ke6 41.Re2+ Kf7 42.g5 Rg1+
43.Rg2 Rc1 44.Kg4 Ke6 45.b4 Rc3 46.Rg3 Rc1 47.Re3+ Kf7 48.f5 Rc4+ 49.Kg3 gxf5
50.Re5 Rg4+ 51.Kh3 Rf4 52.Kg3 Rg4+ 53.Kf3 Rxh4 54.Rxf5+ Kg7 55.Rc5 Rh3+ 56.Kg4 Rxa3
57.Rc7+ Kg6 58.Rc6+ Kg7 59.Rc7+  1/2-1/2

[Event "Czech Open G1 Rapid 2013"]
[Site "Pardubice CZE"]
[Date "2013.07.18"]
[Round "7.6"]
[White "Lintchevski,D"]
[Black "Navara,D"]
[Result "1-0"]
[WhiteElo "2529"]
[BlackElo "2715"]

1.Nf3 Nf6 2.c4 e6 3.g3 d5 4.Bg2 Be7 5.d4 O-O 6.O-O dxc4 7.Ne5 Nc6 8.Bxc6 bxc6
9.Nxc6 Qe8 10.Nxe7+ Qxe7 11.Qc2 c5 12.Qxc4 cxd4 13.Qxd4 Rd8 14.Qh4 h6 15.Nc3 Rb8
16.Ne4 Nd5 17.Qxe7 Nxe7 18.b3 Nf5 19.Bb2 Bb7 20.Nc5 Ba8 21.Rfd1 Rbc8 22.b4 Nd6
23.Rac1 Bd5 24.a4 Ne4 25.Nxe4 Bxe4 26.Rxd8+ Rxd8 27.f3 Bg6 28.Rc7 Rd2 29.Bc3 Rxe2
30.Rxa7 Re3 31.Bd4 Rxf3 32.b5 Bf5 33.h4 Rxg3+ 34.Kf2 Rb3 35.b6 Be4 36.a5 g5
37.a6 g4 38.b7 g3+ 39.Ke1 Kh7 40.Ra8 Rb1+ 41.Ke2 e5 42.Bxe5 g2 43.Rh8+ Kg6
44.Rg8+ Kf5 45.b8=Q g1=N+ 46.Rxg1  1-0

[Event "10th South Wales Int 2013"]
[Site "Penarth WLS"]
[Date "2013.07.18"]
[Round "8.20"]
[White "Davis,Le"]
[Black "Bennett,Owen"]
[Result "1-0"]
[WhiteElo "1956"]
[BlackElo "1706"]

1.d4 d5 2.g3 Nf6 3.Bg2 e6 4.Nf3 Be7 5.c4 O-O 6.O-O dxc4 7.Qc2 a6 8.Qxc4 b5
9.Qc2 Bb7 10.Bf4 Bd6 11.Rd1 Bxf4 12.gxf4 Nbd7 13.Ne5 Bxg2 14.Kxg2 Nxe5 15.dxe5 Nd7
16.Nc3 Qe7 17.Ne4 Rac8 18.Rd3 f5 19.Nc3 Rfd8 20.Rad1 Nb6 21.e4 fxe4 22.Rxd8+ Rxd8
23.Rxd8+ Qxd8 24.Qxe4 Nd5 25.Ne2 Ne7 26.Nd4 Qd5 27.Qxd5 exd5 28.Ne6 c6 29.b4 Kf7
30.Nc7 Kg6 31.Nxa6 Kf5 32.Kf3 g5 33.fxg5 Kxg5 34.Nc5 Kf5 35.e6 Ng6 36.Ke3 Kf6
37.f4 Ne7 38.Nd7+ Kxe6 39.Nf8+ Kf5 40.Nxh7 Ng6 41.Ng5 Nxf4 42.Nf3 Ne6 43.h4 Nd8
44.h5 Kf6 45.Kf4 Ne6+ 46.Kg4 Kg7 47.Kf5 Nd8 48.Ke5 Kh6 49.Kd6 Kxh5 50.Kd7 Kg4
51.Nd4 Kf4 52.Kxd8 Ke4 53.Nxc6 d4 54.Nxd4 Kxd4 55.Kc7 Kc3 56.a3  1-0

[Event "Yinzhou Cup CHN-USA"]
[Site "Ningbo CHN"]
[Date "2013.07.19"]
[Round "1.3"]
[White "Kaidanov,G"]
[Black "Xiu Deshun"]
[Result "1/2-1/2"]
[WhiteElo "2577"]
[BlackElo "2556"]

1.d4 Nf6 2.c4 e6 3.g3 d5 4.Nf3 Be7 5.Bg2 O-O 6.O-O dxc4 7.Qc2 a6 8.Qxc4 b5
9.Qc2 Bb7 10.Bd2 Bd6 11.Re1 Be4 12.Qc1 Bb7 13.Qc2 Be4 14.Qc1 Bb7 15.Bf4 Nbd7
16.Nc3 Qb8 17.e4 Bxf4 18.Qxf4 c5 19.e5 Nd5 20.Nxd5 Bxd5 21.Nh4 Bxg2 22.Nxg2 cxd4
23.Qxd4 Rd8 24.Nf4 Nf6 25.Qe3 Nd5 26.Nxd5 Rxd5 27.Rad1 Qb7 28.Rd2 h6 29.Red1 Rxd2
30.Qxd2 Rc8 31.Rc1 Rxc1+ 32.Qxc1 Qe4 33.Qc8+ Kh7 34.Qxa6 Qb1+ 35.Kg2 Qxb2
36.Qd6 Qe2 37.a3 Qe4+ 38.Kg1 Kg6 39.Qc5 Qd3 40.h4 h5 41.Qc1 Kh7 42.Qc5 Qb1+
43.Kg2 Qd3 44.Kg1 Qb1+ 45.Kg2 Qe4+ 46.Kg1 Qd3 47.Kh2 Qe2 48.Kg1 Kg6 49.Qd4 Kh7
50.Qc5 Kg6 51.Qd4 Kh7  1/2-1/2

[Event "XV Sant Marti Open A"]
[Site "Barcelona ESP"]
[Date "2013.07.20"]
[Round "8.22"]
[White "Jaramillo Ochoa,M"]
[Black "Minko,V"]
[Result "1/2-1/2"]
[WhiteElo "2074"]
[BlackElo "2312"]

1.d4 d5 2.c4 e6 3.Nf3 Nf6 4.g3 Be7 5.Bg2 O-O 6.O-O dxc4 7.Qc2 a6 8.Qxc4 b5
9.Qc2 Bb7 10.Bd2 Nc6 11.e3 Nb4 12.Qd1 Nbd5 13.Nc3 c5 14.dxc5 Bxc5 15.Qe2 Qe7
16.Rfd1 Nb6 17.a3 Nc4 18.Be1 Nd6 19.Ne5 Bxg2 20.Kxg2 Rac8 21.Rac1 Qb7+ 22.Qf3 Qxf3+
23.Kxf3 Rfd8 24.Na2 Nb7  1/2-1/2

[Event "15th TCh-Eur Senior"]
[Site "Dresden GER"]
[Date "2013.07.20"]
[Round "1"]
[White "Sloth,J"]
[Black "Andersson,Gunnar"]
[Result "1-0"]
[WhiteElo "2342"]
[BlackElo "2073"]

1.d4 Nf6 2.c4 e6 3.g3 d5 4.Bg2 Be7 5.Nf3 O-O 6.Qc2 c6 7.O-O Nbd7 8.Rd1 b6
9.b3 Bb7 10.Nc3 Rc8 11.e4 a6 12.e5 Ne8 13.h4 Nc7 14.Ng5 Bxg5 15.Bxg5 Qe8
16.Qe2 Ba8 17.h5 h6 18.Bf4 f6 19.exf6 Rxf6 20.Bxc7 Rxc7 21.cxd5 cxd5 22.Nxd5 Bxd5
23.Bxd5 Qf7 24.Be4 b5 25.d5  1-0

[Event "6th Paleochora Open"]
[Site "Paleochora GRE"]
[Date "2013.07.20"]
[Round "2.20"]
[White "Lekic,Du"]
[Black "Bielby,Paul R"]
[Result "1-0"]
[WhiteElo "2430"]
[BlackElo "1889"]

1.d4 Nf6 2.c4 e6 3.Nf3 d5 4.g3 Be7 5.Bg2 O-O 6.O-O c6 7.Qc2 Nbd7 8.Nbd2 Re8
9.Rd1 Bf8 10.e4 dxe4 11.Nxe4 Nxe4 12.Qxe4 Nf6 13.Qc2 Qc7 14.Bf4 Bd6 15.Bxd6 Qxd6
16.c5 Qc7 17.b4 Bd7 18.Rab1 Rad8 19.a4 a6 20.Ne5 Nd5 21.Nc4 Re7 22.Re1 Be8
23.Nd6 f6 24.Rb2 Bg6 25.Qb3 h6 26.b5 axb5 27.axb5 Kh7 28.Rbe2 Ra8 29.h3 Qa5
30.b6 Rd8 31.Kh2 Nxb6 32.Rxe6 Red7 33.R1e2 Nd5 34.Bxd5 cxd5 35.Nxb7  1-0

[Event "Czech Open B 2013"]
[Site "Pardubice CZE"]
[Date "2013.07.20"]
[Round "2.3"]
[White "Nikolaev,L"]
[Black "Brenninger,Daniel"]
[Result "1-0"]
[WhiteElo "2293"]
[BlackElo "2054"]

1.d4 d5 2.Nf3 Nf6 3.c4 e6 4.g3 Be7 5.Bg2 O-O 6.b3 b6 7.O-O Bb7 8.cxd5 exd5
9.Nc3 Ne4 10.Bb2 Nd7 11.Rc1 Nxc3 12.Bxc3 Bd6 13.Ne5 f6 14.Nc4 Qe7 15.Qd2 a5
16.Nxd6 Qxd6 17.Rc2 Rfc8 18.Bh3 c5 19.dxc5 Rxc5 20.Rfc1 Rac8 21.Bd4 Rxc2
22.Rxc2 Rxc2 23.Qxc2 Nc5 24.f3 g6 25.Qc3 Kf7 26.Kf2 Ba6 27.Qd2 Ne6 28.Bb2 Qc5+
29.Kf1 h5 30.Bxe6+ Kxe6 31.Bd4 Qb5 32.Qe3+ Kf7 33.a4 Qc6 34.Bxb6 d4 35.Bxd4 Qd5
36.Kf2 Bc8 37.Qf4 Bf5 38.Qc7+ Bd7 39.Qb6 Be6 40.b4 axb4 41.a5 Qf5 42.Qxb4 Qh3
43.Kg1 Bd5 44.Qc5 Qe6 45.a6 g5 46.e4 Bc6 47.a7 Ba8 48.Qc7+ Kg6 49.Qd8 Qc6
50.Kg2 g4 51.Qg8+  1-0

[Event "ch-AUT 2013"]
[Site "Feldkirch AUT"]
[Date "2013.07.21"]
[Round "2.21"]
[White "Kranz,A"]
[Black "Proyer,E"]
[Result "1/2-1/2"]
[WhiteElo "2115"]
[BlackElo "1911"]

1.d4 d5 2.Nf3 Nf6 3.c4 e6 4.g3 Be7 5.Bg2 O-O 6.O-O dxc4 7.Ne5 Nc6 8.Bxc6 bxc6
9.Nxc6 Qe8 10.Nxe7+ Qxe7 11.Qa4 e5 12.dxe5 Qxe5 13.Nc3 Qh5 14.Qxc4 c5 15.f3 Be6
16.Qf4 Rab8 17.b3 h6 18.Ba3 Rfc8 19.Rfd1 Rb6 20.Rd6 Qg5 21.Qxg5 hxg5 22.Rad1 Rxd6
23.Rxd6 a5 24.Kf2 g4 25.Ke1 c4 26.b4 axb4 27.Bxb4 gxf3 28.exf3 Ne8 29.Rd2 Rb8
30.Be7 Rb7 31.Bc5 Nc7 32.Ba3 Ra7 33.Bb4 Rb7 34.Ba5 Na6 35.Ne4 Rb5 36.Bc3 Nc5
37.Rd8+ Kh7 38.Ng5+ Kg6 39.h4 Na4 40.Kd2 Nxc3 41.Kxc3 Ra5 42.Rd2 Ra3+ 43.Kb4 c3
44.Rd6 c2 45.Rc6 c1=Q 46.Rxc1 Rxa2 47.Nxe6 fxe6 48.Rc5 Kf6 49.f4 Rg2 50.Rg5 Rc2
51.Kb3 Rc1 52.Kb2 Rc8 53.Kb3 Rc1 54.Kb4 Rc2 55.Re5 Rg2 56.Re3 Rc2 57.Re5 Rg2
58.Rg5 Rc2 59.h5 Rc1 60.Rg6+ Kf7 61.Rg5 Kf6 62.Rc5 Rg1 63.Rc3 Kf5 64.Kc5 Kg4
65.Kd6 Rxg3 66.Rxg3+ Kxg3 67.Ke5 Kg4 68.Kxe6 Kxf4 69.Kf7 Kg5 70.Kxg7 Kxh5
71.Kh7  1/2-1/2